| 000 | 00359nam a2200133Ia 4500 | ||
|---|---|---|---|
| 008 | 151021s9999 xx 000 0 und d | ||
| 020 | _a8126513403 | ||
| 050 | _aTK5105.F5772005 | ||
| 245 | _a_Business Data Communications and Networking | ||
| 300 | _axix.548p.;ill | ||
| 500 | _ainclude index | ||
| 650 | _a_Business | ||
| 980 | _a^d20110107 10:31:47^oanne | ||
| 999 |
_c5905 _d5905 |
||